00540 2200217 4500001002100000005001500021035002000036007000300056008004100059020001800100082001100118084001700129100003700146245002700183250001200210260003100222300002300253600002700276856000800303990001100311INLIS00000000000032020260310020218 a0010-0326000082ta260310 0  a979-15418-5-X a297.51 a297.51 MUH p0 aMUHAMMAD BIN ABDULLAH AD-DUWAISY1 aPERANG MELAWAN SYAHWAT aPERTAMA aSURAKARTA :bDAAR AN-NABA' a120 hlm ;c20,5 cm 4aPERANG MELAWAN SYAHWAT a300 a35.989